Responses for Show #3049 - Thursday, November 27, 1997

Bob Harris game 5.

Contestants

[<< previous game]

Patty Parr, a physician from Anchorage, Alaska

John Stevenson, a tour guide from Los Angeles, California

Bob Harris, a writer originally from Cleveland, Ohio (whose 4-day cash winnings total $43,400)

[next game >>]

Jeopardy! Round responses

PILGRIMS
COOKING
HOW “SWEET” IT IS
FILLED UP
LEFTOVERS
TV GOES TO WORK
    $100 1
Mecca

John
    $100 11
fettuccine

Bob
    $100 18
(Bob: What is NutraSweet?)
(Patty: What is saccharin?)
...
(Alex: [*]--remember, the correct response must contain the word "sweet".)

Sweet’N Low

BobPatty
Triple Stumper
    $100 26
sand

John
    $100 16
fire

Patty
    $100 6
(John: Who is Al Bundy?)

Drew Carey

BobJohn
    $200 2
(Patty: What is Buddhism?)

Hinduism

BobPatty
    $200 12
caramel

Patty
    $200 19
"Sweet Caroline"

Bob
    $200 27
a ballot box

John
    $200 17
Alexander Graham Bell

John
    $200 7
NewsRadio

Bob
    $300 3
John Alden

Patty
    $300 13
egg drop soup

Bob
    $300 20
Sweet Adelines

Patty
    $300 28
helium

John
    $300 23
a deck

John
    $300 8
Ink

Bob
    $300 4
Lourdes

Patty
    $400 14
(Bob: What is broiling?)

roasting

BobPatty
    $400 21
Sweet Dreams

John
    $400 29
a piñata

Patty
    $400 24
(Alex: That's it, and we have a minute to go.)

the matador

Patty
    $400 9
Buy the Book

Triple Stumper
    $500 5
(John: Uh... what is [*]?)
(Alex: Say it again?)
(John: [*]?)
(Alex: Yes, that's right; I thought you said "Bobi Tree".)

a Bodhi Tree

John
    $500 15
to blanche

Bob
    $500 22
Sweet Bird of Youth

John
    $500 30
batting

Patty
    $500 25
kissing cousins

Bob
    $500 10
Babylon 5

Patty

Scores at the first commercial break (after clue 14):

Bob John Patty
$800 $500 $1,500

Scores at the end of the Jeopardy! Round:

Bob John Patty
$1,900 $2,500 $3,100

Double Jeopardy! Round responses

AUTHORS
“R” MOVIES
U.S. CITIES
REALLY FOREIGN LANGUAGES
FEDERATIONS
13-LETTER WORDS
    $200 21
Tom Clancy

John
    $200 3
Rosemary's Baby

Bob
    $200 7
Seattle

Bob
    $200 1
the Netherlands

Bob
    $200 26
badminton

Bob
    $200 17
thunderstruck

Bob
    $3,000 22
Anne Rice

John
    $400 12
Reality Bites

Bob
    $400 8
(Bob: What is Buffalo?)
(John: What is Albany?)
...
(Alex: You rushed into it too fast, Bob; "What is [*]?")

Niagara Falls

BobJohn
Triple Stumper
    $400 2
Icelandic

John
    $400 27
Moral Majority

Bob
    $400 18
(John: What is triskaidekaphobia?)

superstitious

John
Triple Stumper
    $600 23
Kurt Vonnegut

John
    $600 13
RoboCop

Bob
    $600 9
Memphis

Bob
    $600 4
Nigeria

Bob
    $600 28
[The end-of-round signal sounds.]

AFL

Bob
    $600 19
vegetarianism

Bob
    $800 24
Judith Krantz

Patty
    $800 14
Regarding Henry

Bob
    $1,000 10
La Crosse

Bob
    $800 5
(Bob: What is Tamil?)

Sinhalese

Bob
Triple Stumper
    $800 16
a mathematician

John
    $1000 25
(Patty: Who is Seton?)

Upton Sinclair

Patty
Triple Stumper
    $1000 15
Red

John
    $1000 11
(Alex: Patty, how come you didn't get in ahead of him on that one?)
(Patty: His reflexes are faster.)
(Alex: Yes, they are. All right go again, Bob.)
(Bob: It's just nerves.)

Anchorage

Bob
    $1000 6
Swaziland

Triple Stumper
    $1000 20
(Bob: Oh, that's not 13-LETTER WORDS. What is mortif...)
(John: What is mortifying?)

mortification

BobJohnPatty

Scores at the end of the Double Jeopardy! Round:

Bob John Patty
$7,300 $6,700 $3,900

[wagering suggestions for these scores]

Final Jeopardy! Round responses

20th CENTURY HISTORY
[Patty got a plug in for Alaska even though Alex interpreted it as Arkansas.]
PattyWhat is the KGB? Hi AK!
$100
JohnWhat is the labor union
$6,700
BobWhat was the KGB?
$7,300
the KGB

Final scores:

Bob John Patty
$14,600 $0 $4,000
5-day champion: $58,000 3rd place 2nd place

Game dynamics:

Coryat scores:

Bob John Patty
$7,100 $4,100 $4,000
24 R
(including 1 DD),
5 W
15 R
(including 1 DD),
4 W
12 R
(including 1 DD),
3 W

Combined Coryat: $15,200

[game clues] [game scores] [suggest correction]

Game tape date: Unknown
The J! Archive is created by fans, for fans. Scraping, republication, monetization, and malicious use prohibited; this site may use cookies and collect identifying information. See terms. The Jeopardy! game show and all elements thereof, including but not limited to copyright and trademark thereto, are the property of Jeopardy Productions, Inc. and are protected under law. This website is not affiliated with, sponsored by, or operated by Jeopardy Productions, Inc. Join the discussion at JBoard.tv.